Nordica Airlines Destinations - Statistics

General Stats
  • This quiz has been taken 27 times
  • The average score is 22 of 29
Answer Stats
Country Answer % Correct
Germany Berlin
100%
Belgium Brussels
100%
Denmark Copenhagen
100%
Ukraine Kyiv
100%
Ukraine Kyiv
100%
Germany Munich
100%
Norway Oslo
100%
France Paris
100%
Russia Saint Petersburg
100%
Sweden Stockholm
100%
Austria Vienna
100%
Poland Warsaw
100%
Germany Hamburg
95%
Netherlands Amsterdam
89%
Sweden Gothenburg
84%
France Nice
84%
Estonia Tallinn
84%
Lithuania Vilnius
84%
Ukraine Odessa
74%
Croatia Split
74%
Croatia Rijeka
58%
Norway Trondheim
53%
Spain Ibiza
47%
Romania Constanta
42%
North Macedonia Ohrid
37%
Netherlands Groningen
32%
Sweden Örebro
32%
Sweden Arvidsjaur
11%
Sweden Gällivare
11%
No matching quizzes found
Score Distribution
Percent of People with Each Score
Percentile by Number Answered
Your Score History
You have not taken this quiz